000 00422nam a2200157Ia 4500
008 230312s9999||||xx |||||||||||||| ||und||
020 _a0-07-142999-9
082 _a658.4
_bCOL-C
100 _aJohn L. Colley, JR.
245 0 _aCorporate Governance
260 _bMcGraw Hill
_aNew York
_c2003
300 _a259
546 _aEng.
650 _aManagement
_vBoard Organizations of Directors , Board Organization
942 _cBK
999 _c616
_d616